| 000 | 00599nam a22001937a 4500 | ||
|---|---|---|---|
| 082 | _aP-850 | ||
| 100 |
_aMubarak, Bilal Ahmed _936035 |
||
| 245 | _aAnalytically Evaluating the Effectiveness of Soil Stabilization with Cement Kiln Dust | ||
| 260 |
_aRisalpur, _bMCE, _c2020. |
||
| 300 |
_a66 pages.; _c30 cm. |
||
| 526 |
_a0 _b0 _c0 _dP_850 |
||
| 650 |
_aGeotech _bSyn-13 _936036 |
||
| 700 |
_aHamza Shafique _936038 |
||
| 700 |
_aMuhammad Zarak Khan _936040 |
||
| 700 |
_aNayar Azam _936039 |
||
| 700 |
_aSupervisor Dr Abdul Waheed _936037 |
||
| 700 |
_aZahid Hussain _913333 |
||
| 942 |
_2ddc _cBK |
||
| 999 |
_c554411 _d554411 |
||